Miasta w województwie lubuskim - Statystyki

Ogólne statystyki
  • Ten quiz został rozwiązany 27 razy
  • Średni wynik to 25 z 44
Statystyki odpowiedzi
Nr. Liczba mieszkańców Miasto % Poprawnych
2 108 625 Gorzów Wielkopolski
100%
1 147 463 Zielona Góra
89%
10 17 734 Słubice
83%
6 25 525 Świebodzin
83%
4 38 628 Żary
83%
18 12 017 Drezdenko
78%
11 16 692 Gubin
78%
3 40 617 Nowa Sól
78%
8 18 926 Sulechów
78%
16 13 284 Sulęcin
78%
5 30 152 Żagań
78%
15 13 362 Krosno Odrzańskie
72%
7 21 628 Międzyrzecz
72%
20 11 172 Strzelce Krajeńskie
72%
13 16 224 Wschowa
72%
9 18 623 Kostrzyn nad Odrą
67%
14 14 418 Szprotawa
67%
12 16 527 Lubsko
61%
21 8 962 Sława
61%
17 12 222 Kożuchów
56%
24 6 217 Rzepin
56%
30 4 826 Babimost
50%
28 5 392 Bytom Odrzański
50%
35 3 982 Cybinka
50%
32 4 442 Iłowa
44%
25 6 121 Nowogród Bobrzański
44%
43 1 565 Szlichtyngowa
44%
38 2 892 Torzym
44%
22 7 525 Witnica
44%
23 7 019 Zbąszynek
44%
44 901 Brody
39%
31 4 672 Czerwieńsk
39%
36 3 770 Dobiegniew
39%
26 5 892 Jasień
39%
42 2 201 Łęknica
39%
40 2 312 Lubniewice
39%
37 3 302 Nowe Miasteczko
39%
27 5 472 Ośno Lubuskie
39%
41 2 289 Otyń
39%
19 11 862 Skwierzyna
39%
34 4 109 Gozdnica
33%
29 4 982 Kargowa
33%
33 4 344 Małomice
28%
39 2 531 Trzciel
28%
Nie znaleziono quizów pasujących do podanych kryteriów
Rozkład punktacji
Procent ludzi z każdym wynikiem
Percentyl według liczby udzielonych odpowiedzi
Twoja historia wyników
Nie rozwiązałeś tego quizu